Form and strategy in science ; studies dedicated to Joseph Henry Woodger on the occasion of his seventieth birthday /

Guardado en:
Autor Principal: Gregg, John R. (ed.)
Otros Autores: Harris, Francis Terence Coveney., Woodger, Joseph Henry.
Formato: Libro
Idioma:English
Publicado: Dordrecht, Holland : D. Reidel Pub. Co., [1964]
Materias:
Etiquetas: Agregar Etiqueta
Sin Etiquetas, Sea el primero en etiquetar este registro!
LEADER 00960cam a22002411a 4500
001 EEA.libagro010060
008 730503s1964####ne#ac####b####000#0#eng##
005 20211209103240.0
245 1 0 |a Form and strategy in science ;  |b studies dedicated to Joseph Henry Woodger on the occasion of his seventieth birthday /  |c Edited by John R. Gregg an F.T.C. Harris. 
260 |a Dordrecht, Holland :  |b D. Reidel Pub. Co.,  |c [1964] 
300 |a vii, 475 p. :  |b il., retr. ;  |c 23 cm. 
500 |a "Publications by Joseph Henry Woodger": p. 473-476. 
504 |a Incluye referencias bibliográficas. 
100 1 |a Gregg, John R.  |q (John Richard),  |e ed. 
700 1 |a Harris, Francis Terence Coveney. 
700 1 |a Woodger, Joseph Henry. 
082 0 4 |a 001 
600 1 0 |a Woodger, Joseph Henry. 
650 7 |a Ciencia  |x Metodología  |2 agrovoc 
010 |a  65087332  
040 |a DLC  |c ODaWU  |d OCoLC  |d DLC 
050 0 0 |a Q175  |b .G72 
859 |a AR-BbBCA  |b BIB. AGRONOMIA  |h 001  |i G811  |p 1966/0080